Estudio comparativo de transformadores y autotransformadores en un sistema interconectado
Wedi'i Gadw mewn:
| Prif Awdur: | |
|---|---|
| Awduron Eraill: | |
| Fformat: | Llyfr |
| Cyhoeddwyd: |
[San José , Costa Rica]
1973
|
| Tagiau: |
Ychwanegu Tag
Dim Tagiau, Byddwch y cyntaf i dagio'r cofnod hwn!
|
MARC
| LEADER | 00000nam a2200000Ia 4500 | ||
|---|---|---|---|
| 003 | PIE059 | ||
| 005 | 20231115105548.0 | ||
| 008 | 140116s1973 c a m 000 ||s d | ||
| 040 | |c cru CEDI | ||
| 090 | |a PIE 59 | ||
| 100 | |a González A, Alvaro |9 18245 | ||
| 245 | |a Estudio comparativo de transformadores y autotransformadores en un sistema interconectado | ||
| 260 | |a [San José , Costa Rica] |c 1973 | ||
| 300 | |a 33 hojas | ||
| 500 | |a A la cabeza de la portada: Proyecto Eléctrico | ||
| 501 | |a Profesor Guía: Jacobo Milgran C. | ||
| 700 | |a Milgran C., Jacobo |d Director de Proyecto Eléctrico |9 1773 | ||
| 942 | |c PIE |h PIE-59 |i PIE059 |6 PIE_59_PIE059 | ||
| 999 | |c 13434 |d 13434 | ||
